The British Parliament [1988] (ระเบียนเลขที่ 20086)
| 000 -LEADER | |
|---|---|
| fixed length control field | 01268nam a22002177a 4500 |
| 005 - DATE AND TIME OF LATEST TRANSACTION | |
| control field | 20240814173948.0 |
| 008 - FIXED-LENGTH DATA ELEMENTS--GENERAL INFORMATION | |
| fixed length control field | s1988 eng d |
| 040 ## - CATALOGING SOURCE | |
| Original cataloging agency | NALT |
| 041 ## - LANGUAGE CODE | |
| Language code of text/sound track or separate title | eng |
| 090 ## - LOCALLY ASSIGNED LC-TYPE CALL NUMBER (OCLC); LOCAL CALL NUMBER (RLIN) | |
| Classification number (OCLC) (R) ; Classification number, CALL (RLIN) (NR) | KD219.G7.1 B74 1988 |
| 245 10 - TITLE STATEMENT | |
| Title | The British Parliament [1988] |
| 260 3# - PUBLICATION, DISTRIBUTION, ETC. | |
| Place of publication, distribution, etc. | London : |
| Name of publisher, distributor, etc. | A Central Office of Information Reference Pamphlet, |
| Date of publication, distribution, etc. | 1988 |
| 300 ## - PHYSICAL DESCRIPTION | |
| Extent | 65 p. ; |
| Other physical details | 24 cm. |
| 505 0# - FORMATTED CONTENTS NOTE | |
| Formatted contents note | Introduction -- <br/>The Powers of Parliament --<br/>The Composition of Parliament --<br/>The House of Lords --<br/>The House of Commons --<br/>The Party System --<br/>Parliamentary Procedure --<br/>Legislative Proceedings --<br/>Parliamentary Committees --<br/>Parliamentary Control of the Executive --<br/>Parliamentary Privilege --<br/>Parliament and the Citizen --<br/>Appendices --<br/>1. General Election 1987 --<br/>2. House of Lords: Principal Officers and Officials --<br/>House of Commons: Principal Officers and Officials --<br/>3. International Parliamentary Organisations --<br/>4. The Growth of Parliamentary Government --<br/>The Council and the Cabinet --<br/>Reading List. |
| 650 04 - SUBJECT ADDED ENTRY--TOPICAL TERM | |
| Topical term or geographic name entry element | Legislative bodies -- Great Britain |
| 650 04 - SUBJECT ADDED ENTRY--TOPICAL TERM | |
| Topical term or geographic name entry element | British Parliament |
| 650 04 - SUBJECT ADDED ENTRY--TOPICAL TERM | |
| Topical term or geographic name entry element | Parliaments -- Great Britain |
| 850 ## - HOLDING INSTITUTION | |
| Holding institution | NALT |
| 942 ## - ADDED ENTRY ELEMENTS (KOHA) | |
| Koha item type | Law Book |
| Source of classification or shelving scheme | Library of Congress Classification |
| 998 ## - LOCAL CONTROL INFORMATION (RLIN) | |
| -- | 25 |
| -- | นีลวัสน์ อินทรักษา |
| Withdrawn status | Lost status | Damaged status | Not for loan | Collection code | Home library | Current library | Total Checkouts | Full call number | Barcode | Date last seen | Price effective from | Koha item type |
|---|---|---|---|---|---|---|---|---|---|---|---|---|
| Law Book collection | National Assembly Library of Thailand | National Assembly Library of Thailand | KD 219.G7.1 B74 1988 | 3961136237 | 09/06/2017 | 09/06/2017 | Law Book |
